[Event "Nanjing Pearl Spring 2nd"]
[Site "Nanjing"]
[Date "2009.10.06"]
[Round "8"]
[White "Carlsen, Magnus"]
[Black "Wang, Yue"]
[Result "1-0"]
[WhiteElo "2772"]
[BlackElo "2736"]
[Annotator "Rogozenco,Dorian"]
[PlyCount "137"]
[EventDate "2009.09.28"]
[EventType "tourn"]
[EventRounds "10"]
[EventCountry "CHN"]
[EventCategory "21"]
[SourceTitle "CBM 133"]
[Source "ChessBase"]
[SourceDate "2009.11.19"]
[SourceVersion "1"]
[SourceVersionDate "2009.11.19"]
[SourceQuality "1"]

1. d4 {Reeh,Oliver} d5 2. c4 c6 3. Nf3 Nf6 4. Nc3 dxc4 5. a4 Bf5 6. Ne5 Nbd7 7. Nxc4 Qc7 8. g3 e5 9. dxe5 Nxe5 10. Bf4 Nfd7 11. Bg2 g5 12. Ne3 gxf4 13. Nxf5 O-O-O 14. Qc2 Ng6 {A fashionable theoretical variation, where lately Black was facing troubles. However, the Chinese GM had prepared an important novelty for this game.} 15. O-O Kb8 (15... fxg3 16. hxg3 h5 17. Rfc1 Kb8 (17... h4 18. Nb5 Qb6 19. Nbd6+ Bxd6 20. Nxd6+ Kb8 21. a5 Qc7 22. Nxb7 $1 Qxb7 23. Bxc6 Rc8 (23... Qb4 24. Ra4 $18) (23... Qc7 24. Qb3+ $18) 24. Bxb7 Rxc2 25. Rxc2 Kxb7 26. Rac1 $16) 18. b4 h4 (18... Bxb4 $2 19. Nd5 $18) 19. Nb5 $1 $16 {1-0 Kasimdzhanov,R (2690)-Predojevic,B (2645)/Germany 2007 (29)}) 16. Rfc1 a5 17. b4 $5 {The critical move, introduced in practice by the Vietnamese GM Nguyen. Quiet continuations didn't set problems for Black.} (17. Nd5 Qe5 18. Nxf4 Nxf4 19. gxf4 Qxf4 20. e3 Qc7 21. Rd1 Bb4 22. Rd4 Ne5 23. h3 Rhe8 24. Kh1 Rxd4 25. Nxd4 Ng6 26. Nf5 Rd8 27. Rd1 Rxd1+ 28. Qxd1 $11 {½-½ Banikas,H (2600)-Bratanov,Z (2440)/Plovdiv 2008 (39)}) (17. Rab1 Qb6 18. Ne4 Nde5 19. Rd1 Bb4 20. Rxd8+ Rxd8 21. Rd1 $11 {½-½ Gladyszev,O (2473)-Bratanov,Z (2446)/Val Thorens 2008 (63)}) 17... axb4 (17... Bxb4 {proved to be not enough:} 18. Nd5 $1 Qe5 19. Nxb4 axb4 20. Rab1 Qa5 (20... c5 21. e3 fxg3 (21... fxe3 22. f4 $1 $16) 22. hxg3 Rc8 (22... h5 23. f4 Qe6 24. Rxb4 $18) 23. Rd1 $16) (20... Ne7 21. Qc4 (21. Rxb4 Qxf5 22. Qb2 Nc5 23. Rxf4 Qe6 24. Rfc4 $40) 21... Nxf5 (21... Qxf5 22. Qxb4 $18) 22. Qxb4 $18) 21. Nd6 Nde5 22. Nc4 Nxc4 23. Qxc4 $14 {1-0 Caruana,F (2649)-Ni Hua (2724)/Dagomys 2009 (52)}) 18. Nb5 Qe5 19. Nbd4 Bc5 20. Nb3 h5 $146 {[%mdl 8]} (20... fxg3 21. hxg3 h5 22. Rab1 ({RR} 22. Nxc5 Nxc5 23. Qxc5 Rd1+) 22... Ba7 23. e3 {was met in Nguyen,N (2551)-Predojevic,B (2641)/Moscow 2008. Wang Yue discovered that without the exchange of pawns on g3 White won't have the move e2-e3, which makes a big difference - the bishop remains powerful on the diagonal a7-g1. The aforementioned game continued:} h4 (23... Ne7 $142 {was more careful.}) ({RR} 23... Ne7) 24. Nbd4 Bxd4 25. Nxd4 c5 26. Rxb4 $1 cxb4 27. Nc6+ $18 {and White won.} {RR} bxc6 28. Qxc6 Nc5 29. Qb6+ Kc8 30. Qb7#) ({RR} 20... fxg3 21. hxg3 h5 22. Rab1 Ba7 23. e3 h4 24. Nbd4 Bxd4 25. Nxd4 c5 26. Rxb4 cxb4 27. Nc6+ Ka8 28. Nxe5 Ndxe5 29. a5 h3 30. a6 hxg2 31. axb7+ Ka7 32. Qc5+ {1-0 (32) Nguyen,N (2551)-Predojevic,B (2641) Moscow 2008 CBM 123 [Reeh,Oliver]}) 21. Rab1 {Carlsen plays similarly to the aforementioned game; however, things are different now.} ({Correct is} 21. a5 {but it must have been very difficult to accept that objectively already at this point White should be looking for salvation.} {After} fxg3 ({or} 21... h4 22. g4 Bxf2+ (22... f3 23. Bxf3 Bxf2+ 24. Kh1 $1) 23. Kxf2 ({Even here} 23. Kh1 $5 {deserves attention}) 23... f3 24. Bxf3 (24. exf3 h3 $40) 24... Qxh2+ 25. Kf1 Nde5 26. a6 Nxf3 27. exf3 Qh1+ 28. Kf2 Qh2+ 29. Kf1 $11) 22. hxg3 h4 ({No time for} 22... Ba7 23. a6 $18) 23. Nxc5 Nxc5 24. f4 (24. Qxc5 $4 Rd1+ $19) 24... b3 (24... Qc3 $2 25. Qb1) 25. fxe5 bxc2 26. Rxc2 Nb3 27. Rb1 {a sharp endgames arises, with equal chances.}) ({Weaker is} 21. Nxc5 Nxc5 $17 22. Qxc5 $2 Rd1+ $19) 21... Ba7 {Here we are. White can't close the diagonal a7-g1 by playing 22.e3, as in the game Nguyen-Predojevic. In a position with opposite castled kings such an apparently small detail can completely change the evaluation: now Black is better!} 22. Bxc6 {The best practical decision, which fully paid off.} ({After} 22. a5 fxg3 23. hxg3 h4 {Black's attack is faster:} 24. a6 hxg3 25. axb7 gxf2+ 26. Kf1 Qh2 $19 {Notice the huge role of the a7 in Black's attack.}) 22... fxg3 23. hxg3 Rc8 $2 ({Black achieves a large advantage with} 23... Ne7 $1 24. Nbd4 (24. Nxe7 Qxg3+ 25. Bg2 Qxf2+ 26. Kh2 Qh4+ 27. Bh3 Qxe7 $19) 24... Bxd4 25. Rxb4 Nxc6 26. Qxc6 Bb6 $1 {and White has a difficult choice between} 27. Qd6+ ({or} 27. Qf3 Rhe8) (27. Rxb6 {loses:} Nxb6 28. Qxb6 Qxf5 29. Qc7+ Ka7 30. Rc5 Rd1+ 31. Kg2 Qe4+ $19) 27... Qxd6 28. Nxd6 Rhg8 {in both cases keeping only some practical chances to escape.}) 24. Qd3 {Now it is already time for Black to play accurately in order to keep the balance.} bxc6 $6 {After this inaccuracy White seizes the initiative.} (24... Nc5 $142 25. Nxc5 Bxc5 26. Bxb7 (26. Bg2 h4 27. Qb5 Rc7 28. Bxb7 Bxf2+ 29. Kxf2 hxg3+ 30. Nxg3 Qxb5 31. axb5 Rxc1 32. Rxc1 Kxb7 $11) 26... Kxb7 27. Qb5+ Ka8 (27... Bb6 $2 28. Rxc8 Rxc8 (28... Qxb5 $2 29. Nd6+) 29. Qxe5 Nxe5 30. Nd6+ Kb8 31. Nxc8 Kxc8 32. Rxb4 $18) 28. Qa6+ Kb8 29. Qb5+ Ka8 $11) 25. Qxd7 Rc7 (25... Rhd8 26. Qxf7 Rf8 27. Qxg6 Rxf5 28. Nd4 $1 $18) 26. Qd3 h4 27. Nbd4 hxg3 $6 (27... c5 $142 28. Nf3 Qe8 29. N3xh4 Qxa4 $14) 28. Rxb4+ Ka8 29. Nxg3 {Black must struggle hard in order to save such a position. He is a pawn down and the attack on the kingside is illusory. His only chance to escape is connected with reduced material. Notice that the advance of the c-pawn almost never works due to the check with the queen on the long diagonal.} Rd8 (29... Nf4 30. Qf3 Nh3+ 31. Kg2 Ng5 32. Qg4 $16) (29... Ne7 $142 30. e3 Nd5 31. Rbc4 Rg8 $14 {/}) 30. e3 $16 Nh4 (30... c5 31. Rbb1 $16 cxd4 $2 32. Rxc7 Qxc7 33. Qe4+) 31. Kf1 $1 Qa5 $2 {Both opponents were in time-trouble and are missing tactics.} 32. Rcb1 (32. Rxc6 {wins an important pawn:} Rxd4 (32... Rxc6 33. Nxc6 Rxd3 34. Nxa5 $18) 33. Rxd4 Rxc6 34. Rxh4 $18) 32... Nf3 33. Nb3 Qd5 34. Qxd5 cxd5 35. Rd1 Rc2 36. Rf4 Ne5 37. Nd4 Rc4 38. Nde2 Rxf4 39. Nxf4 d4 40. Nge2 Nc6 41. e4 {The mutual time-trouble is over. White is a pawn up and his chances to win are about equal to Black's chances to draw.} Rb8 42. Nd5 Rb2 (42... Rb3 $142) 43. Nef4 Kb7 44. Nd3 Rb3 45. Ke2 Ra3 46. f4 $5 {Again an impressive practical decison: Carlsen returns the extra pawn in order to activate all his forces.} (46. Rb1+ Kc8 47. Rc1 Kb7 48. Rc4 {protects the pawn, but after} Ra2+ 49. Kd1 Ra3 {it is difficult for White to make further progress:} 50. Kc2 (50. N3f4 d3 $132 {[%cal Gc6e5,Ga7f2] /=}) (50. N5f4 $5) (50. Nc1 $5) 50... Rxd3 $1 51. Rxc6 (51. Kxd3 $2 Ne5+) 51... Rf3 52. Rf6 d3+ 53. Kd2 Rxf6 54. Nxf6 Bxf2 {and Black escapes.}) 46... Rxa4 47. Rb1+ Kc8 48. Rc1 Kb7 49. e5 Ra3 50. Rh1 Ra5 51. Nf6 Bb8 52. Rb1+ Kc8 53. Rc1 Kb7 54. Ne4 Ra3 55. Rh1 Bxe5 56. fxe5 Nxe5 57. Nd6+ Ka6 {This endgame is a draw, but two knights and the rook can create a lot of threats. The next variations are based on Karsten Müller's analysis in the online edition of ChessBase Magazine.} 58. Nb4+ (58. Nxe5 $2 Re3+ 59. Kd2 Rxe5 60. Ra1+ Ra5 $11) 58... Kb6 59. Rc1 Re3+ $2 (59... Ra5 60. Rb1 Kc7 $11) 60. Kd1 Rb3 $6 ({Karsten Müller: From a practical point of view} 60... Ka5 $1 61. Nd5 Re1+ 62. Kxe1 Nd3+ 63. Kd2 Nxc1 64. Kxc1 f5 65. Nf4 {really had to be preferred. However the position is lost, although White himself does not have a pawn and two knights on their own are not enough to deliver mate, because the pawn on f5 is safely blockaded behind or on the so-called Troitzky Line a4-b6-c5-d4-e4-f5. This does not actually take into account the 50 move rule, but the present position can be won within the 50 moves. Nor does the d-pawn which is still there affect this evaluation, because Black may be able to cross the Troitzky Line with it, but he cannot hang on to it in the long run.}) 61. Nd5+ Ka7 62. Ra1+ Kb8 63. Kc2 Rh3 64. Rb1+ Ka7 65. Rb7+ Ka6 66. Rb6+ Ka5 67. Rb5+ Ka4 (67... Ka6 $6 68. Nc7+ Ka7 69. Rb7#) 68. Nb6+ Ka3 69. Rxe5 {The presence of rooks make makes White's position rather easily winning.} 1-0

[Event "Nanjing Pearl Spring 2nd"]
[Site "Nanjing"]
[Date "2009.10.08"]
[Round "9"]
[White "Radjabov, Teimour"]
[Black "Carlsen, Magnus"]
[Result "1/2-1/2"]
[WhiteElo "2757"]
[BlackElo "2772"]
[Annotator "Krasenkow,Michal"]
[PlyCount "68"]
[EventDate "2009.09.28"]
[EventType "tourn"]
[EventRounds "10"]
[EventCountry "CHN"]
[EventCategory "21"]
[SourceTitle "CBM 133"]
[Source "ChessBase"]
[SourceDate "2009.11.19"]
[SourceVersion "1"]
[SourceVersionDate "2009.11.19"]
[SourceQuality "1"]

1. d4 Nf6 2. c4 g6 3. Nc3 d5 4. cxd5 Nxd5 5. e4 Nxc3 6. bxc3 Bg7 7. Bc4 c5 8. Ne2 Nc6 9. Be3 O-O 10. O-O Qc7 11. Rc1 Rd8 12. h3 {A relatively rare move, Did White want to avoid} (12. Bf4 Be5 $5 {?}) 12... a6 (12... b6 {is usually played. Other options are}) (12... e6 {and}) (12... Na5) ({RR} 12... e6 13. Qd2 Qa5 14. Rfd1 cxd4 15. cxd4 Qxd2 16. Rxd2 Na5 17. Bd3 Bd7 18. d5 exd5 19. exd5 b6 20. Ba6 Bc8 21. Bb5 Bb7 22. d6 Bf8 23. d7 Be7 24. Rc7 Be4 25. Nc3 Bf5 26. Nd5 Bc5 27. Bxc5 {Vasilevich,T (2293)-Akhayan,R (2260) chess.com INT 2024 1-0 (41)}) 13. Bf4 $146 {Or else:} (13. f4 b5 14. Bb3 (14. Bd3 e6 15. f5 exf5 16. exf5 c4 17. Bb1 Re8 18. Bf4 Qd8 19. fxg6 hxg6 20. Ng3 Bb7 21. Qg4 b4 $132 {0-1 Gontcharov,V (2359)-Valdes,L (2365)/Dos Hermanas 2004/CBM 099 ext (45)}) 14... Na5 15. f5 Nxb3 16. Qxb3 gxf5 17. exf5 Bb7 18. Rf4 Bd5 19. Qc2 Kh8 $13 {1-0 Alexandrova,O (2400)-Sulypa,A (2449)/Alushta 2000/CBM 075 ext (39)}) (13. Bb3 b5 (13... Na5 $143 14. Bf4 Qd7 15. dxc5 Nxb3 16. axb3 a5 17. Qc2 Qb5 18. Be3 a4 19. bxa4 Rxa4 20. Rfd1 Re8 21. Nd4 $14 {1/2 Gligoric,S (2575)-Hort,V (2600)/Siegen 1970/EXT 2002 (25)}) 14. Qe1 e6 15. f4 c4 16. Bc2 f5 $1 17. g4 Ne7 18. Ng3 a5 $132 {0-1 Berta,K (2205)-Feher,G (2445)/Budapest 1998/EXT 2002 (49)}) 13... Qa5 $1 ({Now} 13... Be5 {is rather senseless due to} 14. Bxe5 Nxe5 15. Bb3 Bxh3 $6 (15... Ng4 {is impossible!}) 16. f4) (13... Qd7 14. dxc5 $5) 14. Qb3 e6 15. a4 $146 {White finds nothing better than this pawn sacrifice, with the hope of being able to use his development advantage. However, Black equalizes without any problems.} (15. d5 b5 $1 {(without 12.h3 a6 this would be impossible)} 16. dxc6 bxc4 17. Qxc4 e5 {[%cal Rc8e6]} 18. Be3 Be6 19. Qxc5 Qxc5 20. Bxc5 Rdc8 $44) ({RR} 15. d5 b5 16. dxc6 bxc4 17. Qxc4 e5 18. Be3 Be6 19. Qxc5 Qxc5 20. Bxc5 Rdc8 21. Rc2 Rxc6 22. Be3 Rac8 23. Rd1 Bf8 24. f3 Kg7 25. Kf2 Bc4 26. f4 Bc5 27. fxe5 Bxe3+ 28. Kxe3 Bxe2 29. Rxe2 Rxc3+ {Korobov,A (2663)-Boskovic,D (2434) Rijeka 2010 ½-½ (44)}) 15... cxd4 16. cxd4 Nxd4 17. Nxd4 Rxd4 18. Be3 $5 Rd6 {Black doesn't dare to take the second pawn:} (18... Rxe4 19. Qd3 (19. Rfd1 Bf6) (19. Bb6 Qg5) 19... Rh4 (19... Re5 $6 20. Rfd1 Bf6 21. Bd4) 20. Rfd1 ({White can force a draw by means of} 20. Bd2 Qb6 21. Be3 Qa5 ({but not} 21... Bd4 $6 22. a5 Qa7 $2 23. g3 $1 Bxe3 24. fxe3 $18 {[%cal Rd3d8,Rd8f6,Rg3h4]})) 20... Bf6 21. Bb3 $44 {[%csl Ra8,Gc1,Rc8,Gd1,Rh4]}) 19. Rfd1 Rxd1+ 20. Rxd1 b5 $1 {The simplest. Black gives the pawn back liquidating into a drawish endgame.} 21. axb5 axb5 22. Qxb5 Qxb5 23. Rd8+ Bf8 24. Bxb5 Bb7 25. Rxa8 Bxa8 26. f3 f5 27. Bd3 fxe4 28. Bxe4 Bxe4 29. fxe4 Kf7 30. Kf1 h5 31. Kg1 Bd6 32. Kf1 Bf8 33. Kg1 Bd6 34. Kf1 Bf8 1/2-1/2

[Event "Moscow Tal Memorial 4th"]
[Site "Moscow"]
[Date "2009.11.07"]
[Round "3"]
[White "Gelfand, Boris"]
[Black "Carlsen, Magnus"]
[Result "1/2-1/2"]
[WhiteElo "2758"]
[BlackElo "2801"]
[PlyCount "53"]
[EventDate "2009.11.05"]
[EventType "tourn"]
[EventRounds "9"]
[EventCountry "RUS"]
[EventCategory "21"]
[SourceTitle "CBM 133"]
[Source "ChessBase"]
[SourceDate "2009.11.19"]
[SourceVersion "1"]
[SourceVersionDate "2009.11.19"]
[SourceQuality "1"]

1. d4 Nf6 2. c4 g6 3. Nc3 d5 4. Bg5 Ne4 5. Bh4 c5 6. cxd5 Nxc3 7. bxc3 Qxd5 8. e3 Bg7 9. Nf3 cxd4 10. cxd4 Nc6 11. Be2 O-O 12. O-O Bf5 13. Nd2 e5 14. Bf3 Qd6 15. Nc4 Qb4 16. Bxc6 Qxc4 17. Bxb7 Rab8 18. Qf3 exd4 19. Bd5 Qb4 20. e4 Be6 21. Rad1 Qc3 22. Qf4 Bxd5 23. exd5 Qc5 24. Bf6 Bxf6 25. Qxf6 Qxd5 26. Qxd4 Qxa2 $146 ({RR} 26... Qxd4 27. Rxd4 Rb7 28. Ra4 {½-½ (28) Darai,T (1773)-Zilahi,T (1872) Budapest 2010}) 27. Ra1 1/2-1/2

[Event "Moscow Tal Memorial 4th"]
[Site "Moscow"]
[Date "2009.11.08"]
[Round "4"]
[White "Carlsen, Magnus"]
[Black "Aronian, Levon"]
[Result "1/2-1/2"]
[WhiteElo "2801"]
[BlackElo "2786"]
[Annotator "Marin,Mihail"]
[PlyCount "64"]
[EventDate "2009.11.05"]
[EventType "tourn"]
[EventRounds "9"]
[EventCountry "RUS"]
[EventCategory "21"]
[SourceTitle "CBM 133"]
[Source "ChessBase"]
[SourceDate "2009.11.19"]
[SourceVersion "1"]
[SourceVersionDate "2009.11.19"]
[SourceQuality "1"]

1. d4 d5 2. c4 c6 3. Nf3 Nf6 4. Nc3 e6 5. e3 Nbd7 6. Bd3 dxc4 7. Bxc4 b5 8. Bd3 Bd6 9. Nd2 $5 {This had been played only once before.} Bb7 10. Nce4 $146 (10. O-O {Volkov,S (2633)-Romanov,E (2547)/Dagomys 2008/CBM 124 (0-1, 46)}) 10... Be7 11. Nxf6+ Nxf6 12. O-O O-O 13. Nb3 {White seems to have established some control over the c5-square, but is underdeveloped, justifying Black's next move.} c5 $1 14. dxc5 Qd5 15. f3 Rfd8 $146 ({RR} 15... Bxc5 16. Bxh7+ Nxh7 17. Qxd5 Bxe3+ 18. Bxe3 Bxd5 19. Rfc1 Nf6 20. Nd4 a6 21. Nc6 Bxc6 22. Rxc6 Nd5 23. Bd2 a5 24. a3 b4 25. Kf2 {½-½ (25) Blagojevic,D (2483)-Draganic,V (2354) Bijelo Polje 2016}) 16. Be2 Qe5 17. Qe1 Bd5 18. Qc3 Qxc3 19. bxc3 Bxb3 20. axb3 Nd5 21. b4 Nxc3 22. Kf2 a5 {Black has retrieved the pawn and even has some initiative.} 23. Rxa5 Rxa5 24. bxa5 Bxc5 25. Bb2 Nxe2 26. Kxe2 Bb4 27. Ra1 $1 {An elegant way to stay out of troubles.} Rd2+ 28. Kf1 Rxb2 29. a6 Bc5 30. Rc1 g6 31. Rxc5 Ra2 32. Rxb5 Rxa6 1/2-1/2

[Event "Moscow Tal Memorial 4th"]
[Site "Moscow"]
[Date "2009.11.10"]
[Round "5"]
[White "Ivanchuk, Vassily"]
[Black "Carlsen, Magnus"]
[Result "1/2-1/2"]
[WhiteElo "2739"]
[BlackElo "2801"]
[PlyCount "61"]
[EventDate "2009.11.05"]
[EventType "tourn"]
[EventRounds "9"]
[EventCountry "RUS"]
[EventCategory "21"]
[SourceTitle "CBM 133"]
[Source "ChessBase"]
[SourceDate "2009.11.19"]
[SourceVersion "1"]
[SourceVersionDate "2009.11.19"]
[SourceQuality "1"]

1. d4 Nf6 2. Nf3 g6 3. Bf4 Bg7 4. e3 d6 5. h3 O-O 6. Be2 b6 7. a4 ({RR} 7. Bh2 Bb7 8. O-O Nbd7 9. c3 Re8 10. a4 a5 11. Na3 Ne4 12. Nc4 e6 13. Nfd2 Nxd2 14. Nxd2 e5 15. Bf3 Bxf3 16. Qxf3 Qe7 17. Qc6 Rac8 18. Rad1 Nb8 19. Qb7 Qd7 20. Ra1 Qc6 21. Qxc6 Nxc6 {Grachev,B (2628)-Rakhmanov,A (2662) Sochi 2016 ½-½ (68)}) 7... c5 8. c3 Ba6 9. O-O $146 ({RR} 9. Bxa6 Nxa6 10. O-O Qc8 11. Nbd2 Nc7 12. e4 cxd4 13. cxd4 Ne6 14. Be3 Qb7 15. Qb1 d5 16. e5 Ne4 17. a5 Rac8 18. axb6 axb6 19. Ra4 Nxd2 20. Nxd2 Ra8 21. Rb4 Rfc8 22. Rc1 Rxc1+ 23. Qxc1 Rc8 {Pakleza,Z (2485)-Fishbein,A (2376) chess.com INT 2025 1-0 (32)}) 9... Qc8 10. Re1 Qb7 11. Bb5 Bxb5 12. axb5 a6 13. Qe2 axb5 14. Rxa8 Qxa8 15. Qxb5 Na6 16. Bh2 Qb7 17. Nbd2 Nc7 18. Qb3 Ne6 19. Ra1 Rb8 20. Ra3 b5 21. Qa2 Qd5 22. Qa1 Ne4 23. Qa2 Qxa2 24. Rxa2 Nxd2 25. Nxd2 b4 26. Kf1 bxc3 27. bxc3 cxd4 28. cxd4 Nc7 29. Ra5 f5 30. g4 Rb5 31. Rxb5 1/2-1/2

[Event "Moscow Tal Memorial 4th"]
[Site "Moscow"]
[Date "2009.11.11"]
[Round "6"]
[White "Carlsen, Magnus"]
[Black "Anand, Viswanathan"]
[Result "1/2-1/2"]
[WhiteElo "2801"]
[BlackElo "2788"]
[PlyCount "71"]
[EventDate "2009.11.05"]
[EventType "tourn"]
[EventRounds "9"]
[EventCountry "RUS"]
[EventCategory "21"]
[SourceTitle "CBM 133"]
[Source "ChessBase"]
[SourceDate "2009.11.19"]
[SourceVersion "1"]
[SourceVersionDate "2009.11.19"]
[SourceQuality "1"]

1. d4 Nf6 2. c4 e6 3. Nf3 d5 4. Nc3 dxc4 5. Bg5 Bb4 6. a3 Bxc3+ 7. bxc3 h6 ({RR} 7... c5 8. e3 cxd4 9. Bxf6 Qxf6 10. cxd4 O-O 11. Bxc4 b6 12. O-O Bb7 13. Qe2 Nd7 14. a4 Rfd8 15. Ba6 Bxa6 16. Qxa6 e5 17. a5 exd4 18. Nxd4 Nc5 19. Qb5 Rac8 20. axb6 axb6 21. Rab1 Rd6 22. Rfc1 {Carlsen,M (2847)-Aronian,L (2782) Chess24.com INT 2021 ½-½ (56)}) 8. Bxf6 ({RR} 8. Bh4 c5 9. e3 cxd4 10. cxd4 b5 11. a4 Bd7 12. Bxf6 Qxf6 13. axb5 Bxb5 14. Bxc4 Bxc4 15. Qa4+ Nd7 16. Qxc4 O-O 17. O-O Rfc8 18. Qa6 Rc7 19. Rfc1 Qd8 20. Rxc7 Qxc7 21. g3 Nb8 22. Qa4 Nd7 {Carlsen,M (2832)-Nihal,S (2668) Almaty KAZ 2024 ½-½ (53)}) 8... Qxf6 9. e3 b5 $146 ({RR} 9... c5 10. Bxc4 O-O 11. O-O Nd7 12. e4 b6 13. d5 Qxc3 14. Rc1 Qf6 15. dxe6 fxe6 16. Qd6 Re8 17. Bb5 Qe7 18. Rfd1 Qxd6 19. Rxd6 Re7 20. Bc6 Rb8 21. Rcd1 Nf8 22. Rd8 g5 23. Ne5 Kg7 24. f3 {Luzhinsky,V (2372)-Tukhaev,A (2534) Alushta 2010 ½-½}) ({RR} 9... O-O 10. Bxc4 Nc6 11. O-O e5 12. Nd2 Rd8 13. Qh5 Be6 14. Ne4 Qf5 15. Qxf5 Bxf5 16. Nc5 Na5 17. Be2 exd4 18. cxd4 b6 19. Na6 Rac8 20. Rac1 c5 21. dxc5 Nb3 22. Rc3 Nxc5 23. Nxc5 Rxc5 24. Rxc5 {Swapnil,S (2545)-Doshi,M (1974) Sonipat 2017 ½-½ (43)}) 10. a4 c6 11. Ne5 a6 12. g4 Bb7 13. Bg2 Qe7 14. O-O O-O 15. f4 Nd7 16. Nxc6 Qd6 17. Ne7+ Qxe7 18. Bxb7 Ra7 19. Bg2 Nb6 20. axb5 axb5 21. Rxa7 Qxa7 22. Qa1 Qe7 23. e4 Ra8 24. Qb2 Ra5 25. e5 Qh4 26. Qe2 Ra3 27. f5 Rxc3 28. fxe6 fxe6 29. Qe4 Qd8 30. Qg6 Qxd4+ 31. Kh1 Re3 32. Qxe6+ Kh7 33. Qf5+ Kh8 34. Qf8+ Kh7 35. Qf5+ Kh8 36. Qf8+ 1/2-1/2

[Event "London Classic"]
[Site "London"]
[Date "2009.12.12"]
[Round "4"]
[White "Carlsen, Magnus"]
[Black "Nakamura, Hikaru"]
[Result "1/2-1/2"]
[WhiteElo "2801"]
[BlackElo "2715"]
[PlyCount "90"]
[EventDate "2009.12.08"]
[EventType "tourn"]
[EventRounds "7"]
[EventCountry "ENG"]
[EventCategory "18"]
[SourceTitle "CBM 134"]
[Source "ChessBase"]
[SourceDate "2010.01.18"]
[SourceVersion "1"]
[SourceVersionDate "2010.01.18"]
[SourceQuality "1"]

1. d4 d5 2. c4 c6 3. Nf3 Nf6 4. Nc3 dxc4 5. a4 Bf5 6. Nh4 Bc8 7. e3 e5 8. Bxc4 exd4 9. exd4 Be7 10. O-O O-O 11. Re1 Nd5 12. Nf3 Be6 13. Qb3 Na6 14. Bd2 Nab4 15. Ne4 Bf5 $146 ({RR} 15... a5 16. Nc5 Bxc5 17. dxc5 Bf5 18. Rac1 Qc7 19. Ne5 Rfe8 20. Bxb4 Rxe5 21. Rxe5 Qxe5 22. Re1 Qc7 23. Bc3 Qd7 24. Bxa5 Nf4 25. Qg3 Rxa5 26. Qxf4 h6 27. h3 Kh7 28. g4 Bg6 29. Qd6 Qc8 30. b3 {Kuzubov,Y (2667)-Vidit,S (2602) Abu Dhabi 2014 1-0 (33)}) 16. Ne5 a5 17. Nc5 Bxc5 18. dxc5 Qc7 19. Bxb4 Nxb4 20. Qf3 Be6 21. Bxe6 fxe6 22. Qb3 Qe7 23. Nf3 Nd5 24. Rac1 Rf4 25. Ne5 Raf8 26. Nd3 Rd4 27. Rc4 Rxc4 28. Qxc4 Qf6 29. g3 Rd8 30. Kg2 Qf5 31. Nc1 Rf8 32. Qe2 Nc7 33. Nd3 Rd8 34. Ne5 Rd5 35. Kg1 Rxc5 36. Nc4 Qf8 37. Rd1 Rd5 38. Rxd5 exd5 39. Qe5 dxc4 40. Qxc7 Qb4 41. Qc8+ Kf7 42. Qf5+ Ke7 43. Qe5+ Kf7 44. Qf5+ Ke7 45. Qe5+ Kf7 1/2-1/2